01443nam a2200349Ia 450000500170000000800410001702000180005808200180007610000250009424501430011925000220026226400260028430000270031033600270033733700330036433800280039749000130042553400580043860000450049665000370054165000260057865000230060465000340062765000300066170000270069170000450071894200120076304000350077599900150081095201350082595201330096020220317001550.0161108s2015 c 000 0 s  a978958846157104a364.131bC36s1 aChomsky, Noamd1928-10aSobre el terrorismo occidentalbde Hiroshima a la guerra de los dronescNoam Chomsky, Andre Vltchek ; traducción de Pablo Pérez Wilson aPrimera edición 1aBogotábIconoc2015 a164 páginasc 21 cm. atextobtxt2rdacontent asin mediaciónbn2rdamedia avolumenbnc2rdacarrier aAcademia tOn western terrorism. From Hiroshima to drone warfare14aChomsky, Noamd1928xEntrevistas9100423142LEMBaConflicto armadoxHistoria142LEMBaLuchas sociales142LEMBaRevoluciones142LEMBaDelitos internacionales142LEMBaDelitos políticos1 aVltchek, Andre91004271 aPérez Wilson, Pabloetraductor9104884 2ddccBK aCO-BoRNBPbspaerdacCO-BoRNBP c7386d7386 00102ddc40708GENaMECASARIbMECASARIcGENd2024-11-10l0o364.131 - C36SpBM0001273r2024-11-10 15:19:01tEj.1w2024-11-10yBK 00102ddc40708GENaMEMAPJGAbMEMAPJGAcGENd2025-07-28l0o364.131 C36spMPJG00459r2025-07-28 15:35:56tEj.1w2025-07-28yBK